[Event "Piestany Slovakia op-B"]
[Site "Piestany"]
[Date "2024.07.09"]
[Round "1"]
[White "Slamena, Michal"]
[Black "Kopecny, Adam"]
[Result "1-0"]
[WhiteElo "2002"]
[BlackElo "1746"]
[PlyCount "69"]
[EventDate "2024.07.09"]
[EventType "swiss"]
[EventRounds "9"]
[EventCountry "SVK"]
[SourceTitle "EXT 2025"]
[Source "ChessBase"]
[SourceDate "2024.10.14"]
[SourceVersion "1"]
[SourceVersionDate "2024.10.14"]
[SourceQuality "1"]

1. e4 c5 2. Nf3 e6 3. d4 cxd4 4. Nxd4 a6 5. c4 Qc7 6. Nc3 Nf6 7. Bd3 b6 8. 0-0 Bb7 9. Qe2 d6 10. Be3 Nbd7 11. f3 Be7 12. Bg5 0-0 13. Rac1 Rac8 14. Bb1 Qb8 15. b3 Bd8 16. Qd3 Bc7 17. h3 h6 18. Bh4 Nh5 19. f4 e5 20. Nf5 Nxf4 21. Rxf4 exf4 22. e5 g6 23. Nxh6+ Kg7 24. Nxf7 Rxf7 25. Qxg6+ Kf8 26. Qh6+ Kg8 27. e6 Rg7 28. exd7 Rf8 29. Qe6+ Kh8 30. Bf6 Rxf6 31. Qxf6 f3 32. Nd5 fxg2 33. Ne7 Qg8 34. Ng6+ Kh7 35. Qh4# 1-0

[Event "SVK-ch Blitz"]
[Site "Nitra"]
[Date "2022.10.29"]
[Round "4"]
[White "Slamena, Michal"]
[Black "Krajnak, Robert1"]
[Result "0-1"]
[WhiteElo "2043"]
[BlackElo "1847"]
[PlyCount "76"]
[EventDate "2022.10.29"]
[EventType "swiss"]
[EventRounds "13"]
[EventCountry "SVK"]
[SourceTitle "EXT 2024"]
[Source "ChessBase"]
[SourceDate "2023.10.10"]
[SourceVersion "1"]
[SourceVersionDate "2023.10.10"]
[SourceQuality "1"]

1. e4 c5 2. Nf3 e6 3. d4 cxd4 4. Nxd4 Nc6 5. Nc3 a6 6. Be3 Nxd4 7. Qxd4 Ne7 8. 0-0-0 Nc6 9. Qd2 Qc7 10. f4 Bb4 11. a3 Ba5 12. Bc5 b5 13. b4 Bb6 14. Bd6 Qa7 15. Bxb5 Be3 16. Ba4 Bxd2+ 17. Rxd2 Qe3 18. Nb1 Bb7 19. Rf1 Qa7 20. e5 Rc8 21. Rfd1 Qa8 22. Bc5 Rc7 23. g4 a5 24. b5 Nb8 25. b6 Rxc5 26. f5 0-0 27. f6 Rxe5 28. fxg7 Rc8 29. Rd3 Be4 30. Rg3 Rec5 31. Rd2 d5 32. h4 Qa6 33. h5 Qf1+ 34. Kb2 Qf4 35. Rb3 Rxc2+ 36. Rxc2 Rxc2+ 37. Ka1 Qe5+ 38. Nc3 Rxc3 0-1

[Event "SVK-chT3A2 1819"]
[Site "Slovakia"]
[Date "2018.12.09"]
[Round "5.1"]
[White "Sadlon, Juraj"]
[Black "Slamena, Michal"]
[Result "1-0"]
[WhiteElo "1909"]
[BlackElo "1994"]
[PlyCount "81"]
[EventDate "2018.10.07"]
[EventType "team-tourn"]
[EventRounds "11"]
[EventCountry "SVK"]
[SourceTitle "EXT 2020"]
[Source "ChessBase"]
[SourceDate "2019.10.17"]
[SourceVersion "1"]
[SourceVersionDate "2019.10.17"]
[SourceQuality "1"]
[WhiteTeam "Senica CVC"]
[BlackTeam "Hlohovec"]
[WhiteTeamCountry "SVK"]
[BlackTeamCountry "SVK"]

1. e4 c5 2. Nf3 d6 3. c3 Nf6 4. Bb5+ Nbd7 5. Qe2 a6 6. Ba4 b5 7. Bc2 e5 8. d3 g6 9. 0-0 Bg7 10. Nbd2 0-0 11. Rd1 Re8 12. b4 Bb7 13. a4 Qc7 14. bxc5 dxc5 15. axb5 axb5 16. Bb2 Nb6 17. Rdb1 Nfd7 18. Bb3 h6 19. Nh4 Nf8 20. Ba3 Ne6 21. g3 Bc6 22. Bxe6 Rxe6 23. Bxc5 Na4 24. Bb4 Rd8 25. Nb3 Qd7 26. Rd1 Bf8 27. Bxf8 Kxf8 28. Qc2 Rd6 29. Nf3 f6 30. d4 Qg4 31. Nbd2 f5 32. Nxe5 Bxe4 33. Nxe4 Qxe4 34. Qb3 Qd5 35. c4 Qe6 36. Qb4 Kg8 37. cxb5 Nb6 38. Nc6 R8d7 39. Qc5 Rb7 40. Re1 Qd5 41. Ne7+ 1-0

[Event "SVK-chT3A2 1415"]
[Site "Slovakia"]
[Date "2015.02.08"]
[Round "8.5"]
[White "Kubis, Ivan"]
[Black "Slamena, Michal"]
[Result "1/2-1/2"]
[WhiteElo "1991"]
[BlackElo "1993"]
[PlyCount "116"]
[EventDate "2014.10.19"]
[EventType "team-tourn"]
[EventRounds "11"]
[EventCountry "SVK"]
[SourceTitle "EXT 2019"]
[Source "ChessBase"]
[SourceDate "2018.10.10"]
[SourceVersion "1"]
[SourceVersionDate "2018.10.10"]
[SourceQuality "1"]

1. e4 c5 2. Nf3 d6 3. d4 cxd4 4. Nxd4 Nf6 5. Nc3 g6 6. Be3 Bg7 7. f3 0-0 8. Bc4 Nc6 9. Qd2 Bd7 10. 0-0-0 Ne5 11. Bb3 Rb8 12. f4 Neg4 13. Bg1 e5 14. Nf3 Bh6 15. g3 exf4 16. gxf4 Nh5 17. Ne2 Bc6 18. Bxa7 Bxe4 19. Rhf1 Rc8 20. Kb1 Qc7 21. Bd4 d5 22. h3 Ngf6 23. Ne5 Bf5 24. Rf3 Ne4 25. Qb4 Be6 26. Rg1 f6 27. Ng4 Bxf4 28. Nxf4 Nxf4 29. Bb6 Nd2+ 30. Qxd2 Qxb6 31. Rfg3 Nxh3 32. Rh1 Ng5 33. Nxf6+ Rxf6 34. Qxg5 Rcf8 35. a3 Qd4 36. Rd3 Qe4 37. Rh4 Qe1+ 38. Ka2 Rf5 39. Qe7 R8f7 40. Qd8+ Kg7 41. Rhd4 Rd7 42. Qb6 Rdf7 43. Bxd5 Bxd5+ 44. Rxd5 Rxd5 45. Rxd5 Qe4 46. Qb3 Rc7 47. Rd2 h5 48. Rd8 Qc4 49. Rd7+ Kh8 50. Rd8+ Kh7 51. Rd7+ Kh6 52. Rxc7 Qxc7 53. Qe3+ g5 54. Qe6+ Kg7 55. c4 Qf7 56. Qe5+ Kh6 57. Qd6+ Kg7 58. Qe5+ Kg6 1/2-1/2

[Event "SVK-chT3A2 1415"]
[Site "Slovakia"]
[Date "2014.12.14"]
[Round "5.1"]
[White "Kovarik, Otto"]
[Black "Slamena, Michal"]
[Result "0-1"]
[WhiteElo "1926"]
[BlackElo "1993"]
[PlyCount "62"]
[EventDate "2014.10.19"]
[EventType "team-tourn"]
[EventRounds "11"]
[EventCountry "SVK"]
[SourceTitle "EXT 2019"]
[Source "ChessBase"]
[SourceDate "2018.10.10"]
[SourceVersion "1"]
[SourceVersionDate "2018.10.10"]
[SourceQuality "1"]

1. e4 c5 2. Nf3 d6 3. d4 cxd4 4. Nxd4 Nf6 5. Nc3 g6 6. Be2 Bg7 7. Be3 0-0 8. 0-0 Nc6 9. h3 Be6 10. Qd2 Qd7 11. Nxe6 fxe6 12. f3 d5 13. Rad1 Rad8 14. Qc1 Qc8 15. Bf2 d4 16. Nb5 e5 17. a4 Nh5 18. Rfe1 Nf4 19. Bf1 Bh6 20. Qb1 Rf6 21. c3 a6 22. Na3 Rdf8 23. Bg3 Nxh3+ 24. gxh3 Rxf3 25. Rd3 Be3+ 26. Kh2 h5 27. Be2 h4 28. Bxf3 Rxf3 29. Re2 Rxg3 30. Qf1 Bg1+ 31. Qxg1 Qxh3# 0-1

[Event "SVK-chT3A2 1314"]
[Site "Slovakia"]
[Date "2014.01.19"]
[Round "7.2"]
[White "Sturdik, Igor"]
[Black "Slamena, Michal"]
[Result "0-1"]
[WhiteElo "2017"]
[BlackElo "1991"]
[PlyCount "95"]
[EventDate "2013.10.13"]
[EventType "team-tourn"]
[EventRounds "11"]
[EventCountry "SVK"]
[SourceTitle "EXT 2015"]
[Source "ChessBase"]
[SourceDate "2014.11.20"]
[SourceVersion "1"]
[SourceVersionDate "2014.11.20"]
[SourceQuality "1"]
[WhiteTeam "Trnava Lokomotiva III"]
[BlackTeam "Hlohovec"]
[WhiteTeamCountry "SVK"]
[BlackTeamCountry "SVK"]

1. e4 e5 2. Nf3 Nc6 3. d4 exd4 4. Bc4 Nf6 5. 0-0 Bc5 6. e5 d5 7. exf6 dxc4 8. Re1+ Be6 9. Ng5 Qd5 10. fxg7 Rg8 11. Nc3 Qf5 12. Nce4 0-0-0 13. Nxc5 Qxc5 14. Nxe6 fxe6 15. Qg4 Qf5 16. Re4 Qxg4 17. Rxg4 Nb4 18. Bh6 e5 19. c3 Rd6 20. Bd2 Nc2 21. Rc1 d3 22. Rxc4 Rxg7 23. Re4 Rd5 24. c4 Rd4 25. Rxe5 Rxc4 26. Rd5 Rd7 27. Rxd7 Kxd7 28. Bc3 Rc5 29. Rd1 Rd5 30. g4 c5 31. Kg2 b5 32. Kf3 b4 33. Bf6 Ke6 34. g5 Kf5 35. b3 a5 36. h4 a4 37. Rd2 Ne1+ 38. Ke3 Ng2+ 39. Kf3 Nxh4+ 40. Ke3 Ng2+ 41. Kf3 Ne1+ 42. Ke3 Nc2+ 43. Kf3 axb3 44. axb3 Nd4+ 45. Ke3 Nc2+ 46. Kf3 Na3 47. Ke3 c4 48. Be7 0-1

[Event "SVK-chT3A2 1213"]
[Site "Slovakia"]
[Date "2013.02.10"]
[Round "8.2"]
[White "Brunovsky, Peter"]
[Black "Slamena, Michal"]
[Result "1/2-1/2"]
[WhiteElo "1816"]
[BlackElo "1986"]
[PlyCount "111"]
[EventDate "2012.10.07"]
[EventType "team-tourn"]
[EventRounds "11"]
[EventCountry "SVK"]
[SourceTitle "EXT 2015"]
[Source "ChessBase"]
[SourceDate "2014.11.20"]
[SourceVersion "1"]
[SourceVersionDate "2014.11.20"]
[SourceQuality "1"]
[WhiteTeam "Gbely Nafta"]
[BlackTeam "Hlohovec SK Zentiva"]
[WhiteTeamCountry "SVK"]
[BlackTeamCountry "SVK"]

1. d4 Nf6 2. Nf3 e6 3. Bf4 c5 4. e3 Nc6 5. c3 d5 6. Bd3 Bd6 7. Bg3 0-0 8. 0-0 Re8 9. Nbd2 e5 10. dxe5 Nxe5 11. Nxe5 Bxe5 12. Rc1 Qa5 13. a3 Bg4 14. Qc2 Rad8 15. Nf3 Bxf3 16. gxf3 d4 17. f4 Bb8 18. Rfe1 dxc3 19. Qxc3 Qxc3 20. Rxc3 b6 21. Bb5 Re6 22. Rec1 Ne4 23. Rd3 Rxd3 24. Bxd3 Nxg3 25. hxg3 Rd6 26. Bc4 Kf8 27. Kg2 Rd2 28. b3 Ke7 29. Kf3 f5 30. a4 h6 31. Rh1 Kf6 32. Rh4 Bd6 33. Bb5 Bf8 34. Rh1 g5 35. fxg5+ hxg5 36. Rh8 g4+ 37. Kg2 Kg7 38. Rh5 Kg6 39. Rh8 Bh6 40. Re8 Kf7 41. Re5 Kf6 42. Re8 Bg7 43. Bc4 Rd6 44. Kf1 Rd7 45. Ke2 Kg6 46. Bd3 Kf7 47. Rc8 Kg6 48. Rc6+ Bf6 49. a5 Rb7 50. f3 gxf3+ 51. Kxf3 Kg5 52. axb6 axb6 53. e4 fxe4+ 54. Bxe4 Rf7 55. Ke2 Re7 56. Kf3 1/2-1/2

[Event "SVK-chT3A2 1213"]
[Site "Slovakia"]
[Date "2012.10.21"]
[Round "2.5"]
[White "Jablonicky, Martin"]
[Black "Slamena, Michal"]
[Result "1-0"]
[WhiteElo "1827"]
[BlackElo "1986"]
[PlyCount "25"]
[EventDate "2012.10.07"]
[EventType "team-tourn"]
[EventRounds "11"]
[EventCountry "SVK"]
[SourceTitle "EXT 2015"]
[Source "ChessBase"]
[SourceDate "2014.11.20"]
[SourceVersion "1"]
[SourceVersionDate "2014.11.20"]
[SourceQuality "1"]
[WhiteTeam "Trnava Modranka"]
[BlackTeam "Hlohovec SK Zentiva"]
[WhiteTeamCountry "SVK"]
[BlackTeamCountry "SVK"]

1. e4 c5 2. c4 Nc6 3. Ne2 g6 4. d4 cxd4 5. Nxd4 Bg7 6. Be3 Nf6 7. f3 0-0 8. Nc3 Qb6 9. Qd2 Nxe4 10. Nxc6 Qxb2 11. Qxb2 Bxc3+ 12. Qxc3 Nxc3 13. Nxe7+ 1-0